000 00461nam a2200157 i 4500
001 93969
003 ES-MaACL
005 20230906181345.0
007 t|
008 050426s1907 sp ||||1| spa d
100 1 _aLópez Pinillos, José.
_973892
245 1 3 _aLa sangre de Cristo
_b: novela /
_cJosé López Pinillos (Parmeno) [seud.].
260 _aMadrid :
_b[s.n.],
_c1907 (
_fTip. de Archivos)
300 _a204 p. ;
_c18 cm.
852 _aES-MaACL
_jF-10389
999 _c93969
_d93969